| 000 | 01012cam a2200265 a 4500 | ||
|---|---|---|---|
| 001 | 000007611 | ||
| 005 | 20200929154231.0 | ||
| 008 | 910725s1987 cu c b 001 0bspa | ||
| 040 |
_aDO-SdBNP _bspa _cLC _dBNPHU |
||
| 082 |
_a509.7291 _bP972a |
||
| 100 | 1 |
_aPruna, Pedro M. _921109 |
|
| 245 | 1 | 0 |
_aAntonio Mestre en la cultura científica cubana del siglo XIX / _cPedro M. Pruna y Rosa María González ; edición, María de los A. Rodríguez. |
| 260 |
_aLa Habana, (Cuba) : _bAcademia, _c1987. |
||
| 300 |
_a101 p. : _bretrs. ; _c24 cm. |
||
| 504 | _aReferencias bibliográficas p. 65-91. | ||
| 650 | 4 |
_aCiencia _zCuba _xHistoria _ySIGLO XIX _921110 |
|
| 600 | 1 | 4 |
_aMESTRE, ANTONIO, _d1834-1887. _921111 |
| 650 | 4 |
_aCientíficos _zCuba _xBiografías _921112 |
|
| 650 | 4 |
_aCientíficos médicos _zCuba _xBiografías _921113 |
|
| 700 | 1 |
_aGonzález, Rosa Maria. _921114 |
|
| 700 | 1 |
_aRodríguez, María de los A., _eed. _921115 |
|
| 740 | 0 | _aAntonio Mestre. | |
| 910 | _aCatalogación por copia / LC | ||
| 049 | _aBNGR | ||
| 999 |
_c7391 _d7391 |
||